Click the Regional Units of Greece on a Map - Statistics

General Stats
  • This quiz has been taken 48 times
  • The average score is 43 of 75
Answers on the Map
Answers color-coded by a green-red scale on the quiz's map according to % correct below.
 
Answer Stats
Answer % Correct
Corfu
89%
North Athens
89%
Heraklion
84%
Mount Athos
84%
South Athens
84%
Corinth
79%
East Attica
79%
Euboea
79%
Lesbos
79%
Rhodes
79%
West Attica
79%
Central Athens
74%
Cephalonia
74%
Lemnos
74%
Thessaloniki
74%
Zakynthos
74%
Chania
68%
Chios
68%
Ioannina
68%
Naxos
68%
Piraeus
68%
Arcadia
63%
Chalkidiki
63%
Evros
63%
Kavala
63%
Larissa
63%
Lefkada
63%
West Athens
63%
Achaea
58%
Argolis
58%
Elis
58%
Islands
58%
Karpathos-Kasos
58%
Laconia
58%
Messenia
58%
Rethymno
58%
Samos
58%
Xanthi
58%
Boeotia
53%
Grevena
53%
Imathia
53%
Kea-Kythnos
53%
Magnesia
53%
Milos
53%
Rhodope
53%
Sporades
53%
Thasos
53%
Andros
47%
Drama
47%
Icaria
47%
Ithaca
47%
Karditsa
47%
Lasithi
47%
Paros
47%
Phocis
47%
Phthiotis
47%
Pieria
47%
Preveza
47%
Serres
47%
Trikala
47%
Aetolia-Acarnania
42%
Evrytania
42%
Florina
42%
Kilkis
42%
Kos
42%
Pella
42%
Thira
42%
Tinos
42%
Arta
37%
Kalymnos
37%
Kastoria
37%
Kozani
37%
Mykonos
37%
Thesprotia
37%
Syros
32%
No matching quizzes found
Score Distribution
Percent of People with Each Score
Percentile by Number Answered
Your Score History
You have not taken this quiz